Rozpoznaj języki europejskie - Statystyki

Ogólne statystyki
  • Ten quiz został rozwiązany 30 razy
  • Średni wynik to 12 z 13
Statystyki odpowiedzi
Hint Odpowiedź % Poprawnych
This is a prescription drug. For safety reasons, please use it in accordance with the package insert. angielski
100%
Toto je léčivý přípravek. Z bezpečnostních důvodů jej užívejte v souladu s příbalovou informací. czeski
100%
Dies ist ein Arzneimittel. Wenden Sie es zu Ihrer Sicherheit gemäß der Packungsbeilage an. niemiecki
100%
To jest lek. Dla bezpieczeństwa stosuj go zgodnie z ulotką. polski
100%
Это лекарство. В целях безопасности принимайте его в соответствии с инструкцией.
(Eto lekarstvo. V cielach biezopasnosti prinimajtje jeho v sootvietstvii s instrukcijej.)
rosyjski
100%
Este es un medicamento. Por motivos de seguridad, utilícelo siguiendo las instrucciones del prospecto. hiszpański
92%
Tämä on lääkevalmiste. Turvallisuussyistä käytä sitä pakkausselosteen ohjeiden mukaisesti. fiński
88%
Αυτό είναι φαρμακευτικό προϊόν. Για λόγους ασφαλείας, να το χρησιμοποιείτε σύμφωνα με τις οδηγίες χρήσης.
(Afto ine farmakieftiko proion. Ja logus asfalias, na to chrisimopiite simfona me tis odijies chr)
grecki
88%
Il s'agit d'un médicament. Pour votre sécurité, veuillez l'utiliser conformément à la notice. francuski
81%
Dette er et legemiddel. Av sikkerhetsmessige årsaker må du bruke det i henhold til pakningsvedlegget. norweski
81%
Dit is een geneesmiddel. Gebruik het voor uw veiligheid volgens de bijsluiter. niderlandzki
77%
Questo è un medicinale. Per motivi di sicurezza, lo si assuma seguendo le indicazioni riportate nel foglietto illustrativo. włoski
77%
Kjo është një ilaç. Për sigurinë tuaj, ju lutemi ndiqni udhëzimet në fletëudhëzues. albański
65%
Nie znaleziono quizów pasujących do podanych kryteriów
Rozkład punktacji
Procent ludzi z każdym wynikiem
Percentyl według liczby udzielonych odpowiedzi
Twoja historia wyników
Nie rozwiązałeś tego quizu